[Event "FIN-chT1A 0304"]
[Site "Finland"]
[Date "2004.03.13"]
[Round "7.1"]
[White "Raisa, Unto"]
[Black "Hermlin, Aarne"]
[Result "1/2-1/2"]
[WhiteElo "2169"]
[BlackElo "2269"]
[PlyCount "141"]
[EventDate "2003.09.??"]
[EventType "team-tourn"]
[EventRounds "7"]
[EventCountry "FIN"]
[SourceTitle "EXT 2022"]
[Source "ChessBase"]
[SourceDate "2021.10.06"]
[SourceVersion "1"]
[SourceVersionDate "2021.10.06"]
[SourceQuality "1"]
[WhiteTeam "Helsinki HSK II"]
[BlackTeam "Eura SK"]
[WhiteTeamCountry "FIN"]
[BlackTeamCountry "FIN"]

1. d4 Nf6 2. Nf3 c5 3. e3 g6 4. c4 Bg7 5. Nc3 0-0 6. Be2 d6 7. 0-0 b6 8. b3 Bb7 9. Bb2 Ne4 10. Qc2 Nxc3 11. Bxc3 Nd7 12. Rfd1 Nf6 13. Nd2 Rc8 14. Bf3 Qc7 15. Bxb7 Qxb7 16. d5 e5 17. a4 a5 18. Rf1 Rce8 19. Rae1 Qe7 20. e4 Nh5 21. g3 f5 22. exf5 gxf5 23. f4 e4 24. Qb2 Bxc3 25. Qxc3 Qg7 26. Qxg7+ Kxg7 27. Re2 Nf6 28. Rfe1 h5 29. Nf1 Kg6 30. Ne3 Ng8 31. h4 Nf6 32. Kh2 Nd7 33. Rf1 Kf6 34. Ref2 Nb8 35. Re2 Na6 36. Nc2 Rf7 37. Rfe1 Rg8 38. Rg1 Ra7 39. Ra1 Ke7 40. Ne3 Rf8 41. Nc2 Kd7 42. Rd1 Nb4 43. Nxb4 axb4 44. Rc1 Kc7 45. Kg2 Kb7 46. Kf2 Ka6 47. Ra1 Ka5 48. Re3 Rfa8 49. Rc1 Rc8 50. Ra1 Rcc7 51. Re2 Rg7 52. Rc2 Ra8 53. Re1 Ka6 54. Re3 Kb7 55. Re1 Rc7 56. Rec1 Kb8 57. Ke3 Kb7 58. Kf2 Rac8 59. Ra2 Ka6 60. Re1 Ra7 61. Rc1 Kb7 62. Rac2 Rg8 63. Re2 Ka6 64. Ra1 Rag7 65. Re3 Ka5 66. Ra2 Ra7 67. Re1 Raa8 68. Rea1 Ka6 69. Re1 Kb7 70. Rc2 Ra5 71. Rec1 1/2-1/2

[Event "FIN-chT1A 0304"]
[Site "Finland"]
[Date "2003.11.15"]
[Round "3.2"]
[White "Paronen, Petteri"]
[Black "Raisa, Unto"]
[Result "0-1"]
[WhiteElo "2168"]
[BlackElo "2169"]
[PlyCount "72"]
[EventDate "2003.09.??"]
[EventType "team-tourn"]
[EventRounds "7"]
[EventCountry "FIN"]
[SourceTitle "EXT 2022"]
[Source "ChessBase"]
[SourceDate "2021.10.06"]
[SourceVersion "1"]
[SourceVersionDate "2021.10.06"]
[SourceQuality "1"]
[WhiteTeam "Helsinki X"]
[BlackTeam "Helsinki HSK II"]
[WhiteTeamCountry "FIN"]
[BlackTeamCountry "FIN"]

1. e4 c5 2. Nf3 d6 3. Bc4 Nc6 4. c3 Nf6 5. Qe2 e6 6. Bb3 Be7 7. d3 0-0 8. Nbd2 b5 9. 0-0 a5 10. d4 cxd4 11. cxd4 Ba6 12. e5 dxe5 13. dxe5 Nd5 14. Bc2 Rc8 15. Ne4 Qc7 16. Neg5 g6 17. Bd3 Qb6 18. a3 Rfd8 19. h4 a4 20. h5 Nd4 21. Qe4 Nf5 22. g4 Bb7 23. gxf5 gxf5 24. Qe2 Rxc1 25. Qd2 Rxf1+ 26. Rxf1 h6 27. Nxf7 Kxf7 28. Qxh6 Rg8+ 29. Kh2 b4 30. Bc2 Qc6 31. Nd4 Qb6 32. Rd1 Bg5 33. Qh7+ Rg7 34. Qh8 Bf4+ 35. Kh3 Bxe5 36. Qh6 Nf4+ 0-1

[Event "FIN-chT1A 0304"]
[Site "Finland"]
[Date "2003.09.??"]
[Round "1.2"]
[White "Kivijarvi, Juha"]
[Black "Raisa, Unto"]
[Result "1/2-1/2"]
[WhiteElo "2224"]
[BlackElo "2169"]
[PlyCount "71"]
[EventDate "2003.09.??"]
[EventType "team-tourn"]
[EventRounds "7"]
[EventCountry "FIN"]
[SourceTitle "EXT 2022"]
[Source "ChessBase"]
[SourceDate "2021.10.06"]
[SourceVersion "1"]
[SourceVersionDate "2021.10.06"]
[SourceQuality "1"]
[WhiteTeam "Salo SK"]
[BlackTeam "Helsinki HSK II"]
[WhiteTeamCountry "FIN"]
[BlackTeamCountry "FIN"]

1. e4 c5 2. Nc3 d6 3. f4 Nc6 4. Nf3 g6 5. Bc4 Bg7 6. 0-0 e6 7. d3 Nge7 8. Qe1 0-0 9. f5 d5 10. Bb3 c4 11. dxc4 dxe4 12. f6 Bxf6 13. Nxe4 Bg7 14. c5 Na5 15. Ba4 b6 16. Bg5 f6 17. Bd2 Nc4 18. Bc3 Qc7 19. Bb5 Na5 20. Kh1 Nb7 21. cxb6 axb6 22. Nfd2 e5 23. Bb4 Be6 24. c4 Rf7 25. Rf3 Nf5 26. Bc3 Nbd6 27. Qf1 Nxb5 28. cxb5 Bd5 29. a4 Qd8 30. b4 Nd4 31. Rd3 f5 32. Ng3 Rd7 33. Qf2 Bb7 34. Ne2 Nxe2 35. Rxd7 Qxd7 36. Qxe2 1/2-1/2

[Event "FIN-chT 0102"]
[Site "Finland"]
[Date "2002.02.16"]
[Round "7.8"]
[White "Nivala, Tuomas"]
[Black "Raisa, Unto"]
[Result "1/2-1/2"]
[WhiteElo "2180"]
[BlackElo "2145"]
[PlyCount "82"]
[EventDate "2001.09.21"]
[EventType "team-tourn"]
[EventRounds "9"]
[EventCountry "FIN"]
[SourceTitle "EXT 2022"]
[Source "ChessBase"]
[SourceDate "2021.10.06"]
[SourceVersion "1"]
[SourceVersionDate "2021.10.06"]
[SourceQuality "1"]
[WhiteTeam "Joensuu SK"]
[BlackTeam "Helsinki HSK"]
[WhiteTeamCountry "FIN"]
[BlackTeamCountry "FIN"]

1. e4 c5 2. Nc3 Nc6 3. f4 g6 4. Nf3 Bg7 5. Bb5 Nd4 6. a4 a6 7. Bd3 Nc6 8. 0-0 d6 9. Bc4 e6 10. f5 Nf6 11. d3 0-0 12. fxg6 fxg6 13. Qe1 Ng4 14. Bg5 Qe8 15. Qh4 Nge5 16. Nxe5 Bxe5 17. Bh6 Bd4+ 18. Kh1 Bg7 19. Ne2 Ne5 20. Bb3 Bxh6 21. Qxh6 Bd7 22. d4 Nf7 23. Qh4 b5 24. Rf6 c4 25. Ba2 Nh8 26. b3 Rxf6 27. Qxf6 cxb3 28. Bxb3 bxa4 29. Ba2 Qf7 30. Qh4 Rf8 31. h3 Qf2 32. Qxf2 Rxf2 33. Bc4 Bb5 34. Bxe6+ Kg7 35. Nc3 Rxc2 36. Nxa4 g5 37. Bf5 Ng6 38. e5 Rd2 39. exd6 Rxd4 40. d7 Bxd7 41. Bxd7 Rxd7 1/2-1/2

[Event "Heart of Finland op 11th"]
[Site "Jyvaskyla"]
[Date "2001.07.20"]
[Round "6"]
[White "Raisa, Unto"]
[Black "Hokkanen, Petri"]
[Result "0-1"]
[WhiteElo "2149"]
[BlackElo "2250"]
[PlyCount "66"]
[EventDate "2001.07.??"]
[EventType "swiss"]
[EventRounds "9"]
[EventCountry "FIN"]
[SourceTitle "EXT 2002"]
[Source "ChessBase"]
[SourceDate "2001.11.25"]
[SourceVersion "1"]
[SourceVersionDate "2001.11.25"]
[SourceQuality "1"]

1. Nf3 Nf6 2. g3 b6 3. Bg2 Bb7 4. b3 g6 5. Bb2 Bg7 6. 0-0 0-0 7. c4 c5 8. d4 cxd4 9. Nxd4 Bxg2 10. Kxg2 d5 11. cxd5 Qxd5+ 12. Nf3 Qb7 13. b4 Nc6 14. b5 Na5 15. Qa4 Rfd8 16. Kg1 Ne4 17. Bxg7 Kxg7 18. Rd1 Rac8 19. Rxd8 Rxd8 20. Na3 Qd5 21. Qc2 g5 22. Rc1 f6 23. Qb2 g4 24. Nh4 Ng5 25. e3 Nb7 26. Nb1 Nc5 27. Qc2 Nd3 28. Rd1 Nh3+ 29. Kf1 Qxb5 30. a4 Qd5 31. Nc3 Qc4 32. Nf5+ Kf8 33. Rd2 Nb4+ 0-1

[Event "Heart of Finland op 11th"]
[Site "Jyvaskyla"]
[Date "2001.07.19"]
[Round "3"]
[White "Kengis, Edvins"]
[Black "Raisa, Unto"]
[Result "1-0"]
[WhiteElo "2572"]
[BlackElo "2149"]
[PlyCount "53"]
[EventDate "2001.07.??"]
[EventType "swiss"]
[EventRounds "9"]
[EventCountry "FIN"]
[SourceTitle "EXT 2002"]
[Source "ChessBase"]
[SourceDate "2001.11.25"]
[SourceVersion "1"]
[SourceVersionDate "2001.11.25"]
[SourceQuality "1"]

1. Nf3 d5 2. g3 Nf6 3. Bg2 c5 4. 0-0 Nc6 5. d4 e6 6. c4 cxd4 7. Nxd4 Be7 8. Nc3 0-0 9. Bf4 a6 10. Rc1 Na5 11. cxd5 exd5 12. Na4 Nc4 13. e4 Bg4 14. Qb3 Na5 15. Qb6 Qxb6 16. Nxb6 dxe4 17. Nxa8 Rxa8 18. Bc7 Nc6 19. Nxc6 bxc6 20. Rxc6 Be2 21. Re1 Bd3 22. Be5 Bb4 23. Rec1 Kf8 24. Bxf6 gxf6 25. Rc8+ Rxc8 26. Rxc8+ Ke7 27. Bxe4 1-0